[Event "Struga Lake Queen U18 op"]
[Site "Struga"]
[Date "2022.09.10"]
[Round "5"]
[White "Nikolovski, Branko Nikola"]
[Black "Farmakoski, Georg"]
[Result "1-0"]
[WhiteElo "1401"]
[BlackElo "1506"]
[PlyCount "111"]
[EventDate "2022.09.07"]
[EventType "swiss"]
[EventRounds "7"]
[EventCountry "MKD"]
[SourceTitle "EXT 2023"]
[Source "ChessBase"]
[SourceDate "2022.10.05"]
[SourceVersion "1"]
[SourceVersionDate "2022.10.05"]
[SourceQuality "1"]

1. e4 e6 2. d4 d5 3. Nc3 dxe4 4. Nxe4 Bd7 5. Nf3 Bc6 6. Bd3 Nf6 7. Qe2 Nbd7 8. Bf4 Be7 9. 0-0 Nxe4 10. Bxe4 Bxe4 11. Qxe4 c6 12. c4 Nf6 13. Qd3 0-0 14. Rfe1 Re8 15. Rad1 h6 16. Ne5 Nd7 17. Qg3 Kf8 18. Rd3 Nxe5 19. dxe5 Qa5 20. Bd2 Qa4 21. Rf3 Qc2 22. Qf4 Qg6 23. Rg3 Qh5 24. Qe4 Rad8 25. Qh7 Bc5 26. Qxg7+ Ke7 27. Qf6+ Kd7 28. Rh3 Qg4 29. Rh4 Qg8 30. Rxh6 Kc8 31. Ba5 Rd4 32. Bc3 Rxc4 33. Rd1 Be7 34. Qf3 Rc5 35. Rd4 Qg5 36. Rh5 Qg6 37. Rh3 Rxe5 38. Rg3 Qh7 39. Qd1 Bc5 40. Rd2 Rh5 41. h3 Rd5 42. Rxd5 exd5 43. Qg4+ Kc7 44. Qg7 Qb1+ 45. Kh2 Bd6 46. f4 Qf5 47. Be5 Bxe5 48. fxe5 Rxe5 49. Rf3 Qe6 50. Rxf7+ Kb6 51. Rxb7+ Kc5 52. Qf8+ Qd6 53. b4+ Kc4 54. Qxd6 Re2 55. Qxc6+ Kd4 56. Rd7 1-0

[Event "Struga Lake Queen U18 op"]
[Site "Struga"]
[Date "2022.09.08"]
[Round "3"]
[White "Jusufi, Ahmet"]
[Black "Farmakoski, Georg"]
[Result "1/2-1/2"]
[WhiteElo "1595"]
[BlackElo "1506"]
[PlyCount "49"]
[EventDate "2022.09.07"]
[EventType "swiss"]
[EventRounds "7"]
[EventCountry "MKD"]
[SourceTitle "EXT 2023"]
[Source "ChessBase"]
[SourceDate "2022.10.05"]
[SourceVersion "1"]
[SourceVersionDate "2022.10.05"]
[SourceQuality "1"]

1. e4 c5 2. Nf3 d6 3. Bb5+ Bd7 4. Bxd7+ Qxd7 5. c4 Nc6 6. Nc3 g6 7. d3 Bg7 8. 0-0 Nf6 9. Re1 0-0 10. Nd5 e6 11. Nxf6+ Bxf6 12. Rb1 a6 13. Bg5 Bg7 14. Qd2 Nd4 15. Nxd4 Bxd4 16. Be3 Bg7 17. b4 Rfc8 18. bxc5 dxc5 19. Rb6 Rc6 20. Reb1 Rxb6 21. Rxb6 Qc7 22. Rb3 Rd8 23. Qc2 Rd7 24. g3 f5 25. exf5 1/2-1/2

[Event "EU-ch Hybrid U14"]
[Site "Tornelo INT"]
[Date "2021.10.15"]
[Round "7"]
[White "Farmakoski, Georg"]
[Black "Lievens, Karel"]
[Result "1/2-1/2"]
[WhiteElo "1530"]
[BlackElo "1568"]
[PlyCount "123"]
[EventDate "2021.10.15"]
[EventType "swiss"]
[EventRounds "9"]
[EventCountry "NET"]
[SourceTitle "EXT 2023"]
[Source "ChessBase"]
[SourceDate "2022.10.05"]
[SourceVersion "1"]
[SourceVersionDate "2022.10.05"]
[SourceQuality "1"]
[WhiteTeam "Macedonia"]
[BlackTeam "Irland"]
[WhiteTeamCountry "MKD"]
[BlackTeamCountry "IRL"]

1. c4 e5 2. Nc3 Nc6 3. g3 f5 4. d3 Nf6 5. Bg2 Bb4 6. Bd2 Bxc3 7. Bxc3 d6 8. e3 0-0 9. Ne2 Qe8 10. b4 Qh5 11. b5 Nd8 12. c5 f4 13. exf4 Bh3 14. Bxh3 Qxh3 15. Qb3+ Kh8 16. 0-0-0 Ne6 17. cxd6 cxd6 18. fxe5 Nc5 19. Qc4 Ng4 20. Nf4 Qh6 21. Rhf1 Nxe5 22. Qd5 Rac8 23. Kb1 Na4 24. Bd2 Qf6 25. Qb3 Nc5 26. Qa3 g5 27. Nd5 Qe6 28. Nb4 Nf3 29. Be3 a6 30. Qb2+ Kg8 31. Rc1 a5 32. Bxc5 dxc5 33. Nc2 Nd2+ 34. Ka1 Nxf1 35. Rxf1 c4 36. dxc4 Qxc4 37. Ne3 Qc3 38. Qxc3 Rxc3 39. Nd5 Rc2 40. f4 gxf4 41. Nxf4 Rxh2 42. Rc1 Rf2 43. Rc7 Rf7 44. Rc8+ Kg7 45. Ne6+ Kh6 46. Rc4 Re7 47. Rh4+ Kg6 48. Nf4+ Kg7 49. Rg4+ Kf7 50. Nd3 Rf1+ 51. Kb2 Re2+ 52. Kc3 Rxa2 53. Ne5+ Ke6 54. Nc4 Rf3+ 55. Kd4 Rg2 56. Re4+ Kf6 57. Rh4 Rfxg3 58. Rxh7 Rg7 59. Rxg7 Rxg7 60. Nxa5 Ke6 61. Kc5 Rg5+ 62. Kb6 1/2-1/2

[Event "EU-ch Hybrid U14"]
[Site "Tornelo INT"]
[Date "2021.10.15"]
[Round "4"]
[White "Farmakoski, Georg"]
[Black "Strand, Vetle Bjorge"]
[Result "0-1"]
[WhiteElo "1530"]
[BlackElo "1833"]
[PlyCount "86"]
[EventDate "2021.10.15"]
[EventType "swiss"]
[EventRounds "9"]
[EventCountry "NET"]
[SourceTitle "EXT 2023"]
[Source "ChessBase"]
[SourceDate "2022.10.05"]
[SourceVersion "1"]
[SourceVersionDate "2022.10.05"]
[SourceQuality "1"]
[WhiteTeam "Macedonia"]
[BlackTeam "Norway"]
[WhiteTeamCountry "MKD"]
[BlackTeamCountry "NOR"]

1. c4 c6 2. Nc3 d5 3. cxd5 cxd5 4. d4 Nf6 5. Bf4 Nc6 6. e3 e6 7. Nf3 Bb4 8. a3 Bd6 9. Ne5 Bxe5 10. dxe5 Nd7 11. Qg4 Ndxe5 12. Qxg7 Ng6 13. Bd3 Rf8 14. Bxg6 hxg6 15. Bh6 Qe7 16. Qxf8+ Qxf8 17. Bxf8 Kxf8 18. 0-0 Bd7 19. Rfd1 Ke7 20. Ne2 a5 21. Nd4 Nxd4 22. Rxd4 Bc6 23. f4 f5 24. h3 Rh8 25. b4 a4 26. Rc1 Kd6 27. Rd2 Bb5 28. Rc5 Bd7 29. Rdc2 g5 30. fxg5 Rh5 31. Rc7 Bc6 32. Rg7 Ke5 33. Kf2 d4 34. exd4+ Kxd4 35. Rg8 f4 36. Rd8+ Bd5 37. g6 Rg5 38. Rd7 Rxg2+ 39. Kf1 Rxc2 40. h4 Ke3 41. Rxd5 exd5 42. g7 f3 43. g8Q Rc1# 0-1

[Event "Struga Youth op-A 2nd"]
[Site "Struga"]
[Date "2021.09.11"]
[Round "6"]
[White "Mateski, Stefan"]
[Black "Farmakoski, Georg"]
[Result "0-1"]
[WhiteElo "1120"]
[BlackElo "1499"]
[PlyCount "68"]
[EventDate "2021.09.08"]
[EventType "swiss"]
[EventRounds "7"]
[EventCountry "MKD"]
[SourceTitle "CBM 204 Extra"]
[Source "ChessBase"]
[SourceDate "2021.11.30"]
[SourceVersion "1"]
[SourceVersionDate "2021.11.30"]
[SourceQuality "1"]

1. e4 c5 2. Nf3 d6 3. Nc3 Nc6 4. d4 cxd4 5. Nxd4 Nf6 6. Bc4 g6 7. Be3 Bg7 8. Qd3 Ne5 9. Qe2 a6 10. f3 0-0 11. g4 Nxc4 12. Qxc4 b5 13. Qd3 b4 14. Nce2 Bd7 15. Ng3 e5 16. Nb3 Bb5 17. Qd2 d5 18. Bg5 Bc6 19. Qxb4 h6 20. Bxf6 Qxf6 21. Rf1 Bb5 22. Rf2 Qb6 23. Qc5 Qf6 24. 0-0-0 d4 25. Kb1 Rfc8 26. Qb4 Rc4 27. Qe1 Bf8 28. a3 Rac8 29. Na5 R4c7 30. Qh1 Qb6 31. Nb3 d3 32. Rdd2 dxc2+ 33. Kc1 Ba4 34. Na1 Bxa3 0-1

[Event "FRM-ch U14"]
[Site "Struga"]
[Date "2021.06.19"]
[Round "1"]
[White "Pavkovski, Nikola"]
[Black "Farmakoski, Georg"]
[Result "1/2-1/2"]
[WhiteElo "1413"]
[BlackElo "1481"]
[PlyCount "40"]
[EventDate "2021.06.19"]
[EventType "tourn"]
[EventRounds "9"]
[EventCountry "MKD"]
[SourceTitle "EXT 2022"]
[Source "ChessBase"]
[SourceDate "2021.10.06"]
[SourceVersion "1"]
[SourceVersionDate "2021.10.06"]
[SourceQuality "1"]

1. e4 c5 2. Nf3 d6 3. d4 cxd4 4. Nxd4 Nf6 5. Nc3 e5 6. Nf3 a6 7. Bg5 Be7 8. Be2 0-0 9. 0-0 Be6 10. Qd2 h6 11. Be3 Nc6 12. Rfd1 Ng4 13. h3 Nxe3 14. Qxe3 Qc7 15. Rd2 Rac8 16. Rad1 Rfd8 17. Bd3 Nb4 18. a3 Nxd3 19. Qxd3 Bc4 20. Qe3 b5 1/2-1/2

[Event "EU-ch Online U14"]
[Site "Tornelo INT"]
[Date "2020.09.18"]
[Round "1"]
[White "Farmakoski, Georg"]
[Black "Yildiz, Tunahan"]
[Result "1-0"]
[WhiteElo "1340"]
[BlackElo "1818"]
[PlyCount "47"]
[EventDate "2020.09.18"]
[EventType "swiss (rapid)"]
[EventRounds "9"]
[EventCountry "NET"]
[SourceTitle "EXT 2023"]
[Source "ChessBase"]
[SourceDate "2022.10.05"]
[SourceVersion "1"]
[SourceVersionDate "2022.10.05"]
[SourceQuality "1"]
[WhiteTeam "Macedonia"]
[BlackTeam "Turkey"]
[WhiteTeamCountry "MKD"]
[BlackTeamCountry "TUR"]

1. d4 Nf6 2. Nf3 c5 3. g3 cxd4 4. Bg2 e5 5. 0-0 Nc6 6. c3 dxc3 7. Nxc3 h6 8. a3 d5 9. Qc2 Be6 10. b4 Rc8 11. Qb2 Bd6 12. e3 0-0 13. Rd1 Qe7 14. Nh4 e4 15. Bf1 Ne5 16. Be2 g5 17. Ng2 Nf3+ 18. Bxf3 exf3 19. Ne1 Be5 20. Bd2 Ne4 21. Rac1 Qf6 22. Nxe4 dxe4 23. Qb1 Qf5 24. b5 1-0

[Event "Skopje op"]
[Site "Skopje"]
[Date "2019.12.12"]
[Round "9"]
[White "Farmakoski, Georg"]
[Black "Slavkovic, Uros"]
[Result "0-1"]
[WhiteElo "1411"]
[BlackElo "1794"]
[PlyCount "104"]
[EventDate "2019.12.06"]
[EventType "swiss"]
[EventRounds "9"]
[EventCountry "MKD"]
[SourceTitle "CBM 193 Extra"]
[Source "ChessBase"]
[SourceDate "2020.01.31"]
[SourceVersion "1"]
[SourceVersionDate "2020.01.31"]
[SourceQuality "1"]

1. c4 g6 2. Nc3 Bg7 3. g3 d6 4. Bg2 Nc6 5. Nf3 Nf6 6. 0-0 0-0 7. d3 e5 8. a3 a5 9. Rb1 Nd4 10. Nxd4 exd4 11. Nd5 Nxd5 12. Bxd5 c6 13. Bg2 Re8 14. Qc2 Bg4 15. e4 dxe3 16. Bxe3 Qd7 17. Qd2 d5 18. cxd5 cxd5 19. d4 Qb5 20. Rfc1 Rac8 21. Bf1 Qb6 22. Rxc8 Rxc8 23. Rc1 Rxc1 24. Qxc1 Bxd4 25. Bxd4 Qxd4 26. h3 Be6 27. Qc2 b6 28. Qb3 Qc5 29. g4 d4 30. Qd3 Bd5 31. Qe2 Bc6 32. Qd3 Qd5 33. f3 Qxf3 34. Qxf3 Bxf3 35. Kf2 Be4 36. Bc4 Kf8 37. Kg3 f5 38. Kf4 Ke7 39. b4 axb4 40. axb4 Kd6 41. g5 Bd5 42. Bd3 Bb3 43. h4 Kd5 44. h5 Bc4 45. Bxf5 gxf5 46. h6 Kd6 47. g6 Bg8 48. Kg5 Ke5 49. b5 d3 50. Kh5 d2 51. Kg5 d1Q 52. g7 Qg4# 0-1

[Event "Skopje op"]
[Site "Skopje"]
[Date "2019.12.08"]
[Round "4"]
[White "Farmakoski, Georg"]
[Black "Manova, Ivana"]
[Result "1/2-1/2"]
[WhiteElo "1411"]
[BlackElo "1784"]
[PlyCount "71"]
[EventDate "2019.12.06"]
[EventType "swiss"]
[EventRounds "9"]
[EventCountry "MKD"]
[SourceTitle "CBM 193 Extra"]
[Source "ChessBase"]
[SourceDate "2020.01.31"]
[SourceVersion "1"]
[SourceVersionDate "2020.01.31"]
[SourceQuality "1"]

1. d4 Nf6 2. Nf3 e6 3. c4 d5 4. Nc3 Bb4 5. Qa4+ Nc6 6. cxd5 exd5 7. Bg5 Qd6 8. Bxf6 Qxf6 9. a3 Bxc3+ 10. bxc3 0-0 11. e3 a6 12. Bd3 Bg4 13. Be2 Qd6 14. Qc2 Bxf3 15. Bxf3 b5 16. 0-0 f5 17. Qb3 Rfd8 18. Qc2 Qe6 19. Be2 Na5 20. Bd3 g6 21. Rfe1 Qc6 22. Qb2 Nc4 23. Bxc4 Qxc4 24. Qb4 a5 25. Qb2 Ra6 26. Rab1 Rb8 27. Rec1 Rc6 28. h3 Qd3 29. Qb3 Qc4 30. Qb2 Kg7 31. Qd2 Qa4 32. Qb2 Rc4 33. Kh2 Kf6 34. g3 Rc6 35. Kg2 Qc4 36. Qd2 1/2-1/2

[Event "EU-ch U12"]
[Site "Bratislava"]
[Date "2019.08.10"]
[Round "9"]
[White "Foerster Yialamas, Lucas"]
[Black "Farmakoski, Georg"]
[Result "1-0"]
[WhiteElo "2056"]
[BlackElo "1365"]
[PlyCount "107"]
[EventDate "2019.08.02"]
[EventType "swiss"]
[EventRounds "9"]
[EventCountry "SVK"]
[SourceTitle "EXT 2020"]
[Source "ChessBase"]
[SourceDate "2019.10.17"]
[SourceVersion "1"]
[SourceVersionDate "2019.10.17"]
[SourceQuality "1"]

1. e4 e6 2. d4 d5 3. Nc3 dxe4 4. Nxe4 Bd7 5. Nf3 Bc6 6. Bd3 Nd7 7. 0-0 Ngf6 8. Qe2 Be7 9. c4 0-0 10. a3 Nxe4 11. Bxe4 Bxe4 12. Qxe4 c6 13. b3 Nf6 14. Qe2 Qb6 15. Bf4 Qd8 16. Rfd1 Bd6 17. Be5 Ne8 18. h3 Qe7 19. c5 Bxe5 20. Nxe5 Nf6 21. Nc4 Rfd8 22. Qe5 Nd7 23. Qc7 Rab8 24. Nd6 Kf8 25. Qa5 a6 26. Qc3 Nf6 27. b4 Ne8 28. Nc4 Nf6 29. Qc2 Kg8 30. Rd3 h6 31. Rad1 Nd5 32. Nd6 Nc7 33. Nc4 Nd5 34. Rf3 Nf6 35. Rdd3 Rd5 36. Nd6 Rf8 37. Qd2 Ne8 38. Ne4 Kh7 39. Rde3 Qd7 40. Rd3 Rf5 41. Rxf5 exf5 42. Nc3 Nf6 43. d5 cxd5 44. Nxd5 Nxd5 45. Rxd5 Qc8 46. Qd3 g6 47. Rd7 Kg7 48. Qd5 b6 49. c6 a5 50. b5 Qe8 51. Qd4+ Kh7 52. c7 Qe1+ 53. Kh2 Qe8 54. Kg1 1-0

[Event "EU-ch U12"]
[Site "Bratislava"]
[Date "2019.08.09"]
[Round "8"]
[White "Farmakoski, Georg"]
[Black "Bunic, Emanuel"]
[Result "1-0"]
[WhiteElo "1365"]
[BlackElo "1718"]
[PlyCount "191"]
[EventDate "2019.08.02"]
[EventType "swiss"]
[EventRounds "9"]
[EventCountry "SVK"]
[SourceTitle "EXT 2020"]
[Source "ChessBase"]
[SourceDate "2019.10.17"]
[SourceVersion "1"]
[SourceVersionDate "2019.10.17"]
[SourceQuality "1"]

1. d4 Nf6 2. c4 e6 3. Nf3 Bb4+ 4. Bd2 a5 5. a3 Bxd2+ 6. Qxd2 0-0 7. Nc3 d6 8. e4 Nc6 9. Rd1 Qe7 10. Be2 Rd8 11. 0-0 b6 12. Qc2 Bb7 13. Rfe1 e5 14. d5 Nb8 15. g3 Nbd7 16. Nh4 g6 17. b4 Ne8 18. Ra1 Ng7 19. Bf1 Rf8 20. Bh3 Ba6 21. Nd1 Bc8 22. Ne3 Nf6 23. Bxc8 Rfxc8 24. Kg2 Kh8 25. Rec1 Nd7 26. Nf3 Rf8 27. Nh4 Ra7 28. Kg1 Rfa8 29. Qb2 Qf8 30. Nhg2 Qe7 31. Nh4 Kg8 32. Nhg2 Nf6 33. f3 Qe8 34. Ne1 Nfh5 35. Nd3 f5 36. Kg2 Qe7 37. Nf1 Qf7 38. c5 Qd7 39. cxd6 cxd6 40. b5 Nf6 41. Nf2 Kh8 42. Rc6 Qd8 43. Nd2 Rb8 44. Rac1 Ng8 45. R1c3 Ne7 46. R6c4 Kg8 47. Qc2 Ne8 48. a4 Rbb7 49. Nh3 h6 50. Nf2 Nf6 51. Qc1 Kf7 52. Qc2 Nd7 53. Nb3 Nf6 54. Qc1 Kg7 55. Nd2 Nh5 56. Rc2 Nf6 57. R4c3 Kf7 58. Kg1 Ke8 59. Rc8 Nxc8 60. Rxc8 Rc7 61. Rxd8+ Kxd8 62. Qa3 Kd7 63. Qe3 Ng8 64. Qxb6 f4 65. Kg2 g5 66. Nb3 Ne7 67. Qb8 Nc8 68. b6 Nxb6 69. Qxb6 Rab7 70. Qxa5 Rxb3 71. Qe1 Ra7 72. a5 Ra3 73. Ng4 R7xa5 74. Nxh6 Rc5 75. Qf1 Ra2+ 76. Kh3 Ra8 77. Kg4 Ra2 78. Qh3 Rcc2 79. Kxg5+ Kc7 80. Qe6 Rxh2 81. Qe7+ Kc8 82. Qe8+ Kb7 83. Qd7+ Ka8 84. gxf4 exf4 85. Qd8+ Kb7 86. Qd7+ Ka8 87. Qxd6 Ra7 88. Qf8+ Kb7 89. Qxf4 Rc2 90. d6 Kc6 91. e5 Rc5 92. Nf5 Raa5 93. Ne7+ Kd7 94. Kf6 Ra8 95. e6+ Kd8 96. Qh6 1-0

[Event "EU-ch U12"]
[Site "Bratislava"]
[Date "2019.08.05"]
[Round "4"]
[White "Farmakoski, Georg"]
[Black "Aasen, Fredrik"]
[Result "1-0"]
[WhiteElo "1365"]
[BlackElo "1686"]
[PlyCount "68"]
[EventDate "2019.08.02"]
[EventType "swiss"]
[EventRounds "9"]
[EventCountry "SVK"]
[SourceTitle "EXT 2020"]
[Source "ChessBase"]
[SourceDate "2019.10.17"]
[SourceVersion "1"]
[SourceVersionDate "2019.10.17"]
[SourceQuality "1"]

1. d4 f5 2. c4 Nf6 3. Nc3 g6 4. Nf3 Bg7 5. g3 0-0 6. Bg2 d6 7. 0-0 Qe8 8. d5 Na6 9. a3 h6 10. Be3 Bd7 11. Qc2 Ng4 12. Bd4 Ne5 13. Bxe5 dxe5 14. e4 f4 15. b4 g5 16. c5 b6 17. Qd3 Bc8 18. c6 Qh5 19. Rac1 Bf6 20. Nd2 Nb8 21. b5 Bh3 22. Bxh3 Qxh3 23. Qf3 g4 24. Qg2 Qxg2+ 25. Kxg2 f3+ 26. Kg1 Bg5 27. Rc2 Bxd2 28. Rxd2 a6 29. a4 Kg7 30. Rdd1 Kf6 31. Ra1 a5 32. Nd1 h5 33. Ne3 Rf7 34. Rac1 Na6 1-0

[Event "FRM-ch op"]
[Site "Skopje"]
[Date "2018.12.23"]
[Round "9"]
[White "Golubovic, Tomislav"]
[Black "Farmakoski, Georg"]
[Result "1/2-1/2"]
[WhiteElo "1766"]
[BlackElo "1273"]
[PlyCount "92"]
[EventDate "2018.12.15"]
[EventType "swiss"]
[EventRounds "9"]
[EventCountry "MKD"]
[SourceTitle "CBM 187 Extra"]
[Source "ChessBase"]
[SourceDate "2018.11.04"]
[SourceVersion "1"]
[SourceVersionDate "2018.11.04"]
[SourceQuality "1"]

1. e4 e6 2. d4 d5 3. Nc3 dxe4 4. Nxe4 Bd7 5. Nf3 Bc6 6. Bd3 Nd7 7. Be3 Ngf6 8. Nxf6+ Nxf6 9. h3 h6 10. c3 Bd6 11. Qd2 Be4 12. Qc2 Bxd3 13. Qxd3 c6 14. 0-0-0 Qc7 15. Kb1 0-0-0 16. g4 Nd5 17. Nd2 Nxe3 18. fxe3 e5 19. Qf5+ Kb8 20. Rhf1 f6 21. Nc4 Rhe8 22. Nxd6 Qxd6 23. dxe5 Qxd1+ 24. Rxd1 Rxd1+ 25. Kc2 Rxe5 26. Kxd1 Rxf5 27. gxf5 Kc7 28. Ke2 Kd6 29. Kf3 Ke5 30. e4 c5 31. Ke3 a5 32. b3 h5 33. Kf3 b5 34. Ke3 b4 35. cxb4 axb4 36. h4 Kd6 37. Kf4 Kd7 38. e5 fxe5+ 39. Kxe5 Ke7 40. Ke4 Kf6 41. Kf4 Kf7 42. Ke5 Ke7 43. Ke4 Kf7 44. Kf3 Ke7 45. Kf4 Kf6 46. Ke4 Kf7 1/2-1/2

[Event "FRM-ch op"]
[Site "Skopje"]
[Date "2018.12.19"]
[Round "5"]
[White "Farmakoski, Georg"]
[Black "Cvetkovski, Slobodan"]
[Result "1/2-1/2"]
[WhiteElo "1273"]
[BlackElo "1735"]
[PlyCount "130"]
[EventDate "2018.12.15"]
[EventType "swiss"]
[EventRounds "9"]
[EventCountry "MKD"]
[SourceTitle "CBM 187 Extra"]
[Source "ChessBase"]
[SourceDate "2018.11.04"]
[SourceVersion "1"]
[SourceVersionDate "2018.11.04"]
[SourceQuality "1"]

1. d4 Nf6 2. Nf3 g6 3. g3 Bg7 4. Bg2 0-0 5. c4 c5 6. 0-0 d6 7. Nc3 Nbd7 8. Bg5 Rb8 9. d5 Ng4 10. e4 Nge5 11. Nd2 a6 12. a4 b6 13. Qe2 f6 14. Be3 f5 15. Bh3 Nf6 16. Bf4 Nxe4 17. Bxe5 Bxe5 18. Ndxe4 fxe4 19. Bxc8 Qxc8 20. Qxe4 Bxc3 21. bxc3 Rf7 22. Rfe1 Qd7 23. Qe6 Qe8 24. Re4 Kg7 25. Kg2 Rd8 26. f4 Rb8 27. Qg4 b5 28. axb5 axb5 29. cxb5 Qxb5 30. Rae1 Qb2+ 31. R1e2 Qxc3 32. Rxe7 Rbf8 33. f5 Qf6 34. R7e6 Qxf5 35. Qxf5 gxf5 36. Rxd6 Rc8 37. Ree6 Kf8 38. Kf3 c4 39. Rc6 Rfc7 40. Rxc7 Rxc7 41. Rc6 Rd7 42. Rxc4 Rxd5 43. Rc7 Kg8 44. Kf4 Rd2 45. h4 Rd3 46. Rc5 Rd7 47. Kxf5 Kg7 48. g4 Rf7+ 49. Ke4 Re7+ 50. Re5 Ra7 51. Rg5+ Kf7 52. Rf5+ Kg7 53. Rg5+ Kf7 54. Rf5+ Kg7 55. h5 h6 56. Kf4 Ra4+ 57. Kf3 Ra3+ 58. Kf4 Ra4+ 59. Kg3 Ra3+ 60. Kf4 Ra4+ 61. Kf3 Ra3+ 62. Ke4 Ra4+ 63. Kf3 Ra3+ 64. Ke4 Ra4+ 65. Kf3 Ra3+ 1/2-1/2

[Event "FRM-ch op"]
[Site "Skopje"]
[Date "2018.12.17"]
[Round "3"]
[White "Farmakoski, Georg"]
[Black "Lazarov, Krste"]
[Result "1/2-1/2"]
[WhiteElo "1273"]
[BlackElo "1167"]
[PlyCount "65"]
[EventDate "2018.12.15"]
[EventType "swiss"]
[EventRounds "9"]
[EventCountry "MKD"]
[SourceTitle "CBM 187 Extra"]
[Source "ChessBase"]
[SourceDate "2018.11.04"]
[SourceVersion "1"]
[SourceVersionDate "2018.11.04"]
[SourceQuality "1"]

1. d4 Nf6 2. Nf3 e6 3. c4 d5 4. Bg5 Bb4+ 5. Nc3 Bxc3+ 6. bxc3 h6 7. Bxf6 Qxf6 8. e3 Nd7 9. Be2 0-0 10. 0-0 b6 11. cxd5 exd5 12. Qb3 Bb7 13. Rfd1 Rfd8 14. a4 c5 15. a5 c4 16. Qb2 Bc6 17. axb6 axb6 18. Nd2 b5 19. Rdb1 Nb6 20. Bd1 Rdb8 21. Bc2 Qd6 22. e4 Na4 23. Qa3 Qxa3 24. Rxa3 Rb7 25. exd5 Bxd5 26. Nxc4 Bxc4 27. Rxa4 bxa4 28. Rxb7 a3 29. Bb1 a2 30. Bxa2 Rxa2 31. h4 Rc2 32. Rb8+ Kh7 33. Rc8 1/2-1/2

[Event "FRM-ch op"]
[Site "Skopje"]
[Date "2018.12.15"]
[Round "1"]
[White "Farmakoski, Georg"]
[Black "Krstev, Emil"]
[Result "0-1"]
[WhiteElo "1273"]
[BlackElo "2027"]
[PlyCount "114"]
[EventDate "2018.12.15"]
[EventType "swiss"]
[EventRounds "9"]
[EventCountry "MKD"]
[SourceTitle "CBM 187 Extra"]
[Source "ChessBase"]
[SourceDate "2018.11.04"]
[SourceVersion "1"]
[SourceVersionDate "2018.11.04"]
[SourceQuality "1"]

1. d4 Nf6 2. Nf3 g6 3. Bf4 Bg7 4. e3 0-0 5. Bd3 d6 6. 0-0 h6 7. Nbd2 Nh5 8. Bg3 b6 9. c3 Ba6 10. Bxa6 Nxa6 11. Qe2 Nb8 12. e4 c5 13. dxc5 bxc5 14. Rfd1 Nc6 15. Nc4 Qc7 16. Rd2 Rfd8 17. Rad1 a5 18. Qe1 a4 19. a3 Nxg3 20. hxg3 Rab8 21. Ne3 Na5 22. Nd5 Qb7 23. Re2 Nc4 24. Rb1 e6 25. Nf4 Nxa3 26. Ra1 Nc4 27. Nd3 Qb3 28. Nd2 Qb5 29. Nxc4 Qxc4 30. Qd1 Ra8 31. Rd2 Bf6 32. e5 dxe5 33. Nxe5 Qe4 34. Ng4 Bg5 35. f4 Rxd2 36. Qxd2 Be7 37. Qd7 Kf8 38. Nxh6 Qe3+ 39. Kh2 Qe2 40. Qd1 Qxb2 41. Rxa4 Rd8 42. Qf3 Qb8 43. Ng4 Kg7 44. Ne5 Rh8+ 45. Kg1 Qb1+ 46. Qf1 Rh1+ 47. Kxh1 Qxf1+ 48. Kh2 Bf6 49. Nd7 c4 50. Nb6 Bxc3 51. Rxc4 Be1 52. Re4 Bf2 53. f5 Bxb6 54. fxg6 Qg1+ 55. Kh3 Qh1+ 56. Kg4 Qh5+ 57. Kf4 Qf5# 0-1

[Event "Ohrid Lasker U20 op"]
[Site "Ohrid"]
[Date "2018.10.13"]
[Round "6"]
[White "Farmakoski, Georg"]
[Black "Kote, Aleks"]
[Result "1/2-1/2"]
[WhiteElo "1325"]
[BlackElo "1135"]
[PlyCount "89"]
[EventDate "2018.10.11"]
[EventType "swiss"]
[EventRounds "7"]
[EventCountry "MKD"]
[SourceTitle "CBM 186 Extra"]
[Source "ChessBase"]
[SourceDate "2018.08.24"]
[SourceVersion "1"]
[SourceVersionDate "2018.08.24"]
[SourceQuality "1"]

1. e4 c5 2. Nf3 d6 3. Bb5+ Bd7 4. Bxd7+ Qxd7 5. 0-0 Nf6 6. e5 dxe5 7. Nxe5 Qc7 8. Re1 Nbd7 9. Nxd7 Qxd7 10. Nc3 g6 11. d3 Bg7 12. Bf4 0-0 13. Qe2 Rfe8 14. h3 e6 15. a4 Nd5 16. Bd2 Nxc3 17. Bxc3 Bxc3 18. bxc3 Rac8 19. c4 f5 20. Qe5 Qg7 21. Qxg7+ Kxg7 22. Rab1 b6 23. Re5 Kf6 24. Rbe1 Rc6 25. f3 a5 26. Kf2 Rd6 27. g4 f4 28. h4 h6 29. g5+ hxg5 30. hxg5+ Kf7 31. R1e4 Rd4 32. Rxd4 cxd4 33. Rb5 Rb8 34. c5 Ke7 35. cxb6 Kd6 36. Rxa5 Rxb6 37. Ra7 Rb2 38. Rf7 Rxc2+ 39. Ke1 Ra2 40. Rxf4 Rxa4 41. Rf6 Ra5 42. Rxg6 Ke7 43. f4 Rf5 44. Rf6 Rxf6 45. gxf6+ 1/2-1/2

[Event "Ohrid Lasker U20 op"]
[Site "Ohrid"]
[Date "2018.10.12"]
[Round "4"]
[White "Farmakoski, Georg"]
[Black "Omeri, Eklea"]
[Result "0-1"]
[WhiteElo "1325"]
[BlackElo "1063"]
[PlyCount "115"]
[EventDate "2018.10.11"]
[EventType "swiss"]
[EventRounds "7"]
[EventCountry "MKD"]
[SourceTitle "CBM 186 Extra"]
[Source "ChessBase"]
[SourceDate "2018.08.24"]
[SourceVersion "1"]
[SourceVersionDate "2018.08.24"]
[SourceQuality "1"]

1. e4 d6 2. d4 Nf6 3. Nc3 g6 4. Nf3 Bg7 5. Bd3 0-0 6. 0-0 Bg4 7. h3 Bxf3 8. Qxf3 Nc6 9. Ne2 e5 10. d5 Ne7 11. Ng3 c6 12. c4 c5 13. Bd2 a5 14. a3 b6 15. Ne2 Nc8 16. Nc3 Na7 17. Bc2 Rb8 18. Ba4 Ne8 19. Nb5 Nxb5 20. Bxb5 Qf6 21. Qg3 Qd8 22. Bg5 Nf6 23. f3 h6 24. Bd2 Kh7 25. b4 axb4 26. axb4 Ra8 27. Bc6 Rxa1 28. Rxa1 Qc7 29. Qe1 Rb8 30. Qb1 Nh5 31. Qa2 Nf4 32. Qa7 Qxa7 33. Rxa7 Kg8 34. Rd7 Bf8 35. Bxf4 exf4 36. b5 g5 37. Kh2 Kg7 38. h4 Kg6 39. Kh3 Kf6 40. Kg4 Kg6 41. g3 fxg3 42. Kxg3 f5 43. h5+ Kf6 44. exf5 Kxf5 45. Rf7+ Ke5 46. f4+ Kd4 47. fxg5 hxg5 48. Kg4 Kxc4 49. Kxg5 Kb3 50. h6 Bxh6+ 51. Kxh6 c4 52. Rf1 c3 53. Kg6 c2 54. Kf6 Rf8+ 55. Ke7 Rxf1 56. Kxd6 c1Q 57. Kc7 Rf7+ 58. Kxb6 0-1

[Event "FRM-ch U12"]
[Site "Struga"]
[Date "2018.06.13"]
[Round "5"]
[White "Kjosev, Stefan"]
[Black "Farmakoski, Georg"]
[Result "1/2-1/2"]
[WhiteElo "1264"]
[BlackElo "1249"]
[PlyCount "28"]
[EventDate "2018.06.09"]
[EventType "swiss"]
[EventRounds "6"]
[EventCountry "MKD"]
[SourceTitle "CBM 185 Extra"]
[Source "ChessBase"]
[SourceDate "2018.07.29"]
[SourceVersion "1"]
[SourceVersionDate "2018.07.29"]
[SourceQuality "1"]

1. e4 e6 2. d4 d5 3. Nc3 Nf6 4. e5 Nfd7 5. Qg4 h6 6. Nf3 Nb6 7. Bd3 Nc6 8. a3 Bd7 9. Be3 Qe7 10. 0-0 0-0-0 11. Rab1 g5 12. a4 f5 13. exf6 Qxf6 14. Nd2 Bb4 1/2-1/2